<?xml version="1.0" encoding="UTF-8"?>
<collection xmlns="http://www.loc.gov/MARC21/slim">
 <record>
  <leader>02067nam a22002537a 4500</leader>
  <controlfield tag="001">NCT_4_016932</controlfield>
  <controlfield tag="008">250121b        xxu||||| |||| 00| 0 vie d</controlfield>
  <datafield tag="999" ind1=" " ind2=" ">
   <subfield code="c">8811</subfield>
   <subfield code="d">8811</subfield>
  </datafield>
  <datafield tag="020" ind1=" " ind2=" ">
   <subfield code="a">9786047770403</subfield>
   <subfield code="c">149000</subfield>
  </datafield>
  <datafield tag="082" ind1="0" ind2="4">
   <subfield code="2">23rd ed.</subfield>
   <subfield code="a">004</subfield>
   <subfield code="b">S555</subfield>
  </datafield>
  <datafield tag="100" ind1="1" ind2=" ">
   <subfield code="a">Shigenobu, Kokubo </subfield>
  </datafield>
  <datafield tag="245" ind1="1" ind2="0">
   <subfield code="a">Những đế chế công nghệ</subfield>
   <subfield code="b">Điều gì tạo nên vị thế bá chủ của bộ tứ quyền lực trong ngành IT thế giới?</subfield>
   <subfield code="c">Kokubo Shigenobu ; Hương Linh dịch</subfield>
  </datafield>
  <datafield tag="260" ind1=" " ind2=" ">
   <subfield code="a">H.</subfield>
   <subfield code="b">Công Thương ; Công ty sách Alpha</subfield>
   <subfield code="c">2020</subfield>
  </datafield>
  <datafield tag="300" ind1=" " ind2=" ">
   <subfield code="a">231 tr.</subfield>
   <subfield code="b">Hình, biểu đồ</subfield>
   <subfield code="c">21 cm</subfield>
  </datafield>
  <datafield tag="520" ind1="3" ind2=" ">
   <subfield code="a">Giới thiệu bộ tứ quyền lực trong ngành IT thế giới: Apple, Amazon, Google, Facebook. Phân tích đặc điểm vượt trội, chính sách, cuộc chiến tại lĩnh vực mới, những chiến lược cốt lõi về sản phẩm chủ đạo và xu hướng gần đây. Bài toán để trở thành ông hoàng thống trị quốc gia mạng xã hội và những thay đổi trong tương lai</subfield>
  </datafield>
  <datafield tag="653" ind1=" " ind2=" ">
   <subfield code="a">Truyền thông đa phương tiện</subfield>
  </datafield>
  <datafield tag="700" ind1="0" ind2=" ">
   <subfield code="a">Hương Linh</subfield>
   <subfield code="e">Dịch</subfield>
  </datafield>
  <datafield tag="942" ind1=" " ind2=" ">
   <subfield code="2">ddc</subfield>
   <subfield code="c">BK</subfield>
  </datafield>
  <datafield tag="952" ind1=" " ind2=" ">
   <subfield code="0">0</subfield>
   <subfield code="1">0</subfield>
   <subfield code="2">ddc</subfield>
   <subfield code="4">0</subfield>
   <subfield code="6">004_000000000000000_S555</subfield>
   <subfield code="7">0</subfield>
   <subfield code="9">30314</subfield>
   <subfield code="a">000001</subfield>
   <subfield code="b">000001</subfield>
   <subfield code="d">2025-01-21</subfield>
   <subfield code="o">004 S555</subfield>
   <subfield code="p">MD.23516</subfield>
   <subfield code="r">2025-01-21</subfield>
   <subfield code="v">149000.00</subfield>
   <subfield code="w">2025-01-21</subfield>
   <subfield code="y">BK</subfield>
  </datafield>
  <datafield tag="952" ind1=" " ind2=" ">
   <subfield code="0">0</subfield>
   <subfield code="1">0</subfield>
   <subfield code="2">ddc</subfield>
   <subfield code="4">0</subfield>
   <subfield code="6">004_000000000000000_S555</subfield>
   <subfield code="7">0</subfield>
   <subfield code="9">30315</subfield>
   <subfield code="a">000001</subfield>
   <subfield code="b">000001</subfield>
   <subfield code="d">2025-01-21</subfield>
   <subfield code="o">004 S555</subfield>
   <subfield code="p">MD.23517</subfield>
   <subfield code="r">2025-01-21</subfield>
   <subfield code="v">149000.00</subfield>
   <subfield code="w">2025-01-21</subfield>
   <subfield code="y">BK</subfield>
  </datafield>
  <datafield tag="952" ind1=" " ind2=" ">
   <subfield code="0">0</subfield>
   <subfield code="1">0</subfield>
   <subfield code="2">ddc</subfield>
   <subfield code="4">0</subfield>
   <subfield code="6">004_000000000000000_S555</subfield>
   <subfield code="7">0</subfield>
   <subfield code="9">30316</subfield>
   <subfield code="a">000001</subfield>
   <subfield code="b">000001</subfield>
   <subfield code="d">2025-01-21</subfield>
   <subfield code="o">004 S555</subfield>
   <subfield code="p">MD.23518</subfield>
   <subfield code="r">2025-01-21</subfield>
   <subfield code="v">149000.00</subfield>
   <subfield code="w">2025-01-21</subfield>
   <subfield code="y">BK</subfield>
  </datafield>
  <datafield tag="952" ind1=" " ind2=" ">
   <subfield code="0">0</subfield>
   <subfield code="1">0</subfield>
   <subfield code="2">ddc</subfield>
   <subfield code="4">0</subfield>
   <subfield code="6">004_000000000000000_S555</subfield>
   <subfield code="7">0</subfield>
   <subfield code="9">30317</subfield>
   <subfield code="a">000001</subfield>
   <subfield code="b">000001</subfield>
   <subfield code="d">2025-01-21</subfield>
   <subfield code="o">004 S555</subfield>
   <subfield code="p">MD.23519</subfield>
   <subfield code="r">2025-01-21</subfield>
   <subfield code="v">149000.00</subfield>
   <subfield code="w">2025-01-21</subfield>
   <subfield code="y">BK</subfield>
  </datafield>
  <datafield tag="952" ind1=" " ind2=" ">
   <subfield code="0">0</subfield>
   <subfield code="1">0</subfield>
   <subfield code="2">ddc</subfield>
   <subfield code="4">0</subfield>
   <subfield code="6">004_000000000000000_S555</subfield>
   <subfield code="7">0</subfield>
   <subfield code="9">30318</subfield>
   <subfield code="a">000001</subfield>
   <subfield code="b">000001</subfield>
   <subfield code="d">2025-01-21</subfield>
   <subfield code="o">004 S555</subfield>
   <subfield code="p">MD.23520</subfield>
   <subfield code="r">2025-01-21</subfield>
   <subfield code="v">149000.00</subfield>
   <subfield code="w">2025-01-21</subfield>
   <subfield code="y">BK</subfield>
  </datafield>
  <datafield tag="980" ind1=" " ind2=" ">
   <subfield code="a">Thư viện Trường Đại học Nam Cần Thơ</subfield>
  </datafield>
 </record>
</collection>
<br />
<b>Notice</b>:  fwrite(): write of 437 bytes failed with errno=28 No space left on device in <b>C:\vufind\module\VuFind\src\VuFind\Session\File.php</b> on line <b>152</b><br />
Cannot write session to C:\Windows\TEMP\vufind_sessions/sess_tdkrost5ad4l7so5m84i20g7eu
<br />
<b>Warning</b>:  session_write_close(): Failed to write session data using user defined save handler. (session.save_path: \xampp\tmp) in <b>C:\vufind\vendor\laminas\laminas-session\src\SessionManager.php</b> on line <b>235</b><br />
